[Event "Aragon-chT Honor Gr II"]
[Site "Aragon"]
[Date "2021.05.01"]
[Round "6.27"]
[White "Accattato Martin, Mario"]
[Black "Pellicer Cerezuela, Miguel"]
[Result "1/2-1/2"]
[WhiteElo "2248"]
[BlackElo "2029"]
[PlyCount "66"]
[EventDate "2021.03.13"]
[EventType "team-tourn"]
[EventRounds "7"]
[EventCountry "ESP"]
[SourceTitle "EXT 2024"]
[Source "ChessBase"]
[SourceDate "2023.10.10"]
[SourceVersion "1"]
[SourceVersionDate "2023.10.10"]
[SourceQuality "1"]
[WhiteTeam "Monzon"]
[BlackTeam "La Aurora Estadilla"]
[WhiteTeamCountry "ESP"]
[BlackTeamCountry "ESP"]

1. e4 e6 2. d4 d5 3. Bd3 dxe4 4. Bxe4 Nf6 5. Bf3 c5 6. Ne2 Nc6 7. Be3 cxd4 8. Nxd4 Ne5 9. Nc3 a6 10. 0-0 Bb4 11. Ne4 Nd5 12. Bg5 Be7 13. Bxe7 Qxe7 14. c4 Nf6 15. Nxf6+ Qxf6 16. Be4 0-0 17. Qc2 Ng6 18. Rad1 e5 19. Nf5 Bxf5 20. Bxf5 b6 21. Bxg6 hxg6 22. Rd5 Rac8 23. Qe4 Rfe8 24. b3 Re6 25. g3 a5 26. Rfd1 g5 27. R1d3 Rce8 28. Rd7 g4 29. Kg2 Qg5 30. R3d6 Qf6 31. Rxe6 Qxe6 32. Qd5 Re7 33. Rxe7 Qxe7 1/2-1/2

[Event "Aragon-chT Preferente B"]
[Site "Aragon"]
[Date "2016.02.20"]
[Round "4.61"]
[White "Accattato Martin, Mario"]
[Black "Fabre Perez, Jose Maria"]
[Result "1-0"]
[WhiteElo "2240"]
[BlackElo "2057"]
[PlyCount "49"]
[EventDate "2016.01.30"]
[EventType "team-tourn"]
[EventRounds "9"]
[EventCountry "ESP"]
[SourceTitle "EXT 2018"]
[Source "ChessBase"]
[SourceDate "2017.10.13"]
[SourceVersion "1"]
[SourceVersionDate "2017.10.13"]
[SourceQuality "1"]
[WhiteTeam "Monzon"]
[BlackTeam "Marcos Frechin II"]
[WhiteTeamCountry "ESP"]
[BlackTeamCountry "ESP"]

1. e4 e6 2. d4 d5 3. Nc3 Nf6 4. Bg5 Bb4 5. Nge2 h6 6. Bxf6 Qxf6 7. a3 Bxc3+ 8. Nxc3 c5 9. dxc5 0-0 10. exd5 exd5 11. Qxd5 Bd7 12. 0-0-0 Qxf2 13. Qd4 Qf5 14. Bd3 Qg5+ 15. Kb1 Bc6 16. h4 Qe7 17. Rhe1 Qc7 18. Nd5 Bxd5 19. Qxd5 Nc6 20. Qf5 g6 21. Qf6 Qg3 22. h5 Kh7 23. Rh1 Ne5 24. hxg6+ Nxg6 25. Rxh6+ 1-0

[Event "Aragon-chT Honor Titulo"]
[Site "Aragon"]
[Date "2014.03.29"]
[Round "10.14"]
[White "Guzman Moneo, Alberto"]
[Black "Accattato Martin, Mario"]
[Result "1-0"]
[WhiteElo "2170"]
[BlackElo "2232"]
[PlyCount "43"]
[EventDate "2014.01.25"]
[EventType "team-tourn"]
[EventRounds "11"]
[EventCountry "ESP"]
[SourceTitle "EXT 2015"]
[Source "ChessBase"]
[SourceDate "2014.11.20"]
[SourceVersion "1"]
[SourceVersionDate "2014.11.20"]
[SourceQuality "1"]
[WhiteTeam "Helios"]
[BlackTeam "Casino Jaque"]
[WhiteTeamCountry "ESP"]
[BlackTeamCountry "ESP"]

1. e4 c5 2. Nc3 Nc6 3. Bb5 e6 4. Nf3 Nge7 5. d4 cxd4 6. Nxd4 a6 7. Bxc6 Nxc6 8. Nxc6 bxc6 9. Qg4 d5 10. 0-0 Qf6 11. exd5 cxd5 12. Bg5 h5 13. Qg3 Qf5 14. Nxd5 exd5 15. Qc7 Qxg5 16. Qc6+ Ke7 17. Rae1+ Be6 18. f4 Qf5 19. Re5 Qg4 20. h3 Qh4 21. Qxa8 Kf6 22. Qd8+ 1-0

[Event "Aragon-chT Honor GrA"]
[Site "Aragon"]
[Date "2013.03.02"]
[Round "6.14"]
[White "Accattato Martin, Mario"]
[Black "Martinez Cebolla, Alberto"]
[Result "1/2-1/2"]
[WhiteElo "2174"]
[BlackElo "2053"]
[PlyCount "101"]
[EventDate "2013.01.26"]
[EventType "team"]
[EventRounds "7"]
[EventCountry "ESP"]
[SourceTitle "EXT 2014"]
[Source "ChessBase"]
[SourceDate "2013.11.20"]
[SourceVersion "1"]
[SourceVersionDate "2013.11.20"]
[SourceQuality "1"]
[WhiteTeam "Casino Jaque"]
[BlackTeam "IberCaja II"]
[WhiteTeamCountry "ESP"]
[BlackTeamCountry "ESP"]

1. e4 e6 2. d3 d5 3. Nd2 c5 4. g3 Nc6 5. Bg2 Nge7 6. Ne2 g6 7. h4 h5 8. Nf4 Bg7 9. 0-0 d4 10. a4 e5 11. Ne2 Bg4 12. Nc4 Qd7 13. a5 0-0-0 14. Ra3 Kb8 15. Rb3 Nb4 16. f3 Be6 17. Bd2 Nec6 18. Nc1 Bxc4 19. dxc4 Nxa5 20. Bxb4 Nxb3 21. Nxb3 cxb4 22. Qd2 Bf8 23. Rd1 Qc7 24. Bf1 Bc5 25. Bd3 f6 26. Kf2 Rdg8 27. Ra1 b6 28. Rh1 g5 29. hxg5 fxg5 30. Kg2 Qe7 31. Be2 Qf6 32. Nc1 h4 33. g4 Qf4 34. Qxf4 exf4 35. b3 Kc7 36. Nd3 Kd6 37. Kh3 Ra8 38. Nb2 Ke5 39. Bd3 a6 40. Na4 Rhb8 41. Ra1 Kd6 42. Ra2 Ke5 43. Ra1 Ra7 44. Ra2 Kd6 45. Ra1 Raa8 46. Ra2 Rb7 47. Ra1 Rbb8 48. Ra2 Rg8 49. Ra1 Rge8 50. Ra2 Reb8 51. Ra1 1/2-1/2

[Event "Aragon-chT Honor GrA "]
[Site "Aragon"]
[Date "2012.02.11"]
[Round "2.11"]
[White "Lopez Gracia, Fernando"]
[Black "Accattato Martin, Mario"]
[Result "1-0"]
[WhiteElo "2336"]
[BlackElo "2190"]
[PlyCount "87"]
[EventDate "2012.02.04"]
[EventType "team-tourn"]
[EventRounds "7"]
[EventCountry "ESP"]
[SourceTitle "EXT 2014"]
[Source "ChessBase"]
[SourceDate "2013.11.20"]
[SourceVersion "1"]
[SourceVersionDate "2013.11.20"]
[SourceQuality "1"]
[WhiteTeam "St Casablanca"]
[BlackTeam "Casino Jaque"]
[WhiteTeamCountry "ESP"]
[BlackTeamCountry "ESP"]

1. Nf3 d6 2. d4 Nf6 3. c4 Nbd7 4. Nc3 e5 5. e4 c6 6. Be2 Be7 7. 0-0 0-0 8. Be3 a6 9. d5 cxd5 10. cxd5 b5 11. Nd2 Ne8 12. b4 Bg5 13. Bxg5 Qxg5 14. Nf3 Qg6 15. a4 bxa4 16. Qxa4 Ndf6 17. Nh4 Qg5 18. g3 Bd7 19. Qa3 Bg4 20. Bxa6 Qh6 21. Qc1 g5 22. f3 Bh3 23. Ng2 Nc7 24. b5 Rfb8 25. Qd2 Qg6 26. Rfe1 h5 27. Ne3 Kh8 28. Nc4 Nd7 29. Qe3 Nc5 30. Nxe5 dxe5 31. Qxc5 Nxa6 32. bxa6 Rxa6 33. Rxa6 Qxa6 34. Qe7 Rc8 35. Qxg5 Qb6+ 36. Qe3 Qb4 37. Nd1 Rc2 38. Nf2 Rc3 39. Qh6+ Kg8 40. Qg5+ Kf8 41. Nxh3 Rc2 42. Qd8+ Kg7 43. Qg5+ Kf8 44. Qe3 1-0

[Event "Benidorm op U2300 10th"]
[Site "Benidorm"]
[Date "2011.12.05"]
[Round "4"]
[White "Accattato Martin, Mario"]
[Black "Madina Yadarola, Martin"]
[Result "1/2-1/2"]
[WhiteElo "2185"]
[BlackElo "2273"]
[PlyCount "68"]
[EventDate "2011.12.02"]
[EventType "swiss"]
[EventRounds "10"]
[EventCountry "ESP"]
[SourceTitle "CBM 145 Extra"]
[Source "ChessBase"]
[SourceDate "2012.01.03"]
[SourceVersion "1"]
[SourceVersionDate "2012.01.03"]
[SourceQuality "1"]

1. e4 c5 2. Nf3 e6 3. d4 cxd4 4. Nxd4 a6 5. Nc3 b5 6. Bd3 Bb7 7. 0-0 Nc6 8. Be3 Ne5 9. f4 Nxd3 10. cxd3 Nf6 11. Qf3 Be7 12. Qg3 h5 13. f5 Ng4 14. Nde2 Rc8 15. Kh1 b4 16. Na4 Nxe3 17. Qxe3 e5 18. Qg3 Bf6 19. Ng1 d5 20. Rac1 dxe4 21. Nc5 Rxc5 22. Rxc5 exd3 23. Rxe5+ Bxe5 24. Qxe5+ Kf8 25. f6 gxf6 26. Rxf6 Rg8 27. Nf3 Qe7 28. Qd4 Bxf3 29. Rxf3 Qe1+ 30. Qg1 d2 31. Rf1 Qe5 32. Qf2 Qd5 33. Rd1 Rg5 34. Qxd2 Qxd2 1/2-1/2

[Event "Aragon-chT Preferente-B"]
[Site "Spain"]
[Date "2011.04.02"]
[Round "9.2"]
[White "Accattato Martin, Mario"]
[Black "Sebastian Bespin, Ruben"]
[Result "1-0"]
[WhiteElo "2144"]
[BlackElo "2185"]
[PlyCount "103"]
[EventDate "2011.02.05"]
[EventType "team-tourn"]
[EventRounds "9"]
[EventCountry "ESP"]
[SourceTitle "EXT 2013"]
[Source "ChessBase"]
[SourceDate "2012.11.22"]
[SourceVersion "1"]
[SourceVersionDate "2012.11.22"]
[SourceQuality "1"]
[WhiteTeam "Casino Jaque"]
[BlackTeam "Marcos Frechin"]
[WhiteTeamCountry "ESP"]
[BlackTeamCountry "ESP"]

1. e4 e6 2. Nf3 d5 3. Nc3 Nf6 4. e5 Nfd7 5. d4 c5 6. dxc5 Nc6 7. Bf4 Bxc5 8. Bd3 f6 9. exf6 Nxf6 10. Qe2 0-0 11. 0-0-0 Qa5 12. Kb1 a6 13. Ne5 Ba3 14. Nxc6 bxc6 15. Be5 Qb4 16. b3 Ra7 17. Qe3 c5 18. Na4 d4 19. Qh3 Rd8 20. Bxf6 gxf6 21. Bc4 Re7 22. Rhe1 Rde8 23. Qh4 Rf8 24. Qg4+ Kh8 25. Bxe6 Bxe6 26. Rxe6 Rg7 27. Qf3 Rgf7 28. Rxa6 c4 29. Rxd4 Re7 30. Rd1 Re1 31. Rad6 Rxd1+ 32. Rxd1 Qxa4 33. bxa4 Rb8+ 34. Qb3 cxb3 35. axb3 Bc5 36. Rd2 Kg7 37. Kb2 Kf7 38. c3 Ke6 39. b4 Bd6 40. Kb3 Kd7 41. Rd5 Re8 42. c4 Kc7 43. c5 Bxh2 44. Rh5 Bg1 45. Rxh7+ Kc6 46. Rf7 Re6 47. f3 Kd5 48. Rd7+ Kc6 49. Rd1 Bf2 50. Kc4 Re2 51. Rd6+ Kc7 52. Rxf6 1-0